| 000 | 00944nas a2200313 4500 | ||
|---|---|---|---|
| 001 | BR2015001173 | ||
| 003 | BR-BrBNA | ||
| 005 | 20231205125118.0 | ||
| 007 | ta | ||
| 008 | 230509b bl.|||p| |||| 00| 00por d | ||
| 040 |
_aBR-BrBNA _bpor _cBiblioteca Nacional de Agricultura |
||
| 041 | _a(En) | ||
| 072 | _aF08 | ||
| 100 | 1 | _aDeiss, L. | |
| 100 | 1 | _aMorars, A. de | |
| 100 | 1 | _aPelissar, A. | |
| 100 | 1 | _aSkora Neto, F. | |
| 100 | 1 | _aSilva, V.P. da | |
| 100 | 1 | _aAndreolla, V.R.M. | |
| 245 | 1 | _aOat growth under different nitrogen doses in eucalyptus alley cropping system in subtropical Brazil | |
| 650 | _aAVEIA | ||
| 650 | _aEUCALIPTO | ||
| 650 | _aCRESCIMENTO | ||
| 650 | _aSISTEMA DE CULTIVO | ||
| 650 | _aNITROGENIO | ||
| 773 | 0 |
_tRevista Ciência Agronômica (Brazil) _xISSN 0045-6888 _g(2014), v. 45(5)special number p. 1014-1023 _wBR2015001173 |
|
| 909 |
_a202311 _bLúcia _c55 _dLúcia Elande |
||
| 942 |
_2AGRIS _n0 _cANA |
||
| 999 |
_c242699 _d242699 |
||